Hodnotenie efektívnosti výrobného procesu v podniku

Salvato in:
Dettagli Bibliografici
Autore principale: Gobanová, Henrieta
Natura: Libro
Lingua:slovacco
Pubblicazione: Bratislava STU FCHPT 2012
Accesso online:Visualizza in OPAC
Tags: Aggiungi Tag
Nessun Tag, puoi essere il primo ad aggiungerne!!

MARC

LEADER 00000nam a2200000 a 4500
005 20260127134249.0
008 120622 2012 xo 000 0 slo d
035 |a vtls010431668 
039 9 |a 201207111023  |b mschk03  |y 201206220910  |z mschk03 
040 |a STUSCHK1  |b slo  |c STUSCHK1  |e AACR2 
100 1 |a Gobanová, Henrieta 
245 1 |a Hodnotenie efektívnosti výrobného procesu v podniku  |c Henrieta Gobanová 
260 |a Bratislava  |b STU FCHPT  |c 2012 
300 |a 66 s.  |b il.  |c 30cm 
500 |a Obháj.: 5.6. 2012 
500 |a Študijný program: riadenie technologických procesov v chémii a potravinárstve 
500 |a Študijný odbor: 5.2.18 chemické technológie 
500 |a Miesto vypracovania: Ústav manažmentu - Odd. manažmentu chemických a potrav. technol., FCHPT 
500 |a Evidenčné číslo: FCHPT-20355-40678 
500 |a Diplomová práca 
910 |a SCHK95 
999 |c 8204  |d 8204